LEADER 01902nam a2200301 i 4500 001 000000162804 003 CaOOAMICUS 005 20250107151847.0 008 070709s2006 it u000 u mul u 020 $a88-7988-409-3 040 $aSeMil$bita 111 2 $aConvegno storico internazionale <42. ; 2005 ; Todi>.$0(OLS)http://semarc/name/61736 245 10$aMito e storia nella tradizione cavalleresca :$batti del 42. Convegno storico internazionale : Todi, 9-12 ottobre 2005. 264 1$aSpoleto :$bFondazione Centro italiano di studi sull'Alto Medioevo,$c2006. 300 $aXI, 528 p. ;$c24 cm. 490 1 $aAtti dei Convegni del Centro italiano di studi sul Basso Medioevo - Accademia Tudertina e del Centro di studi sulla spiritualitā medievale. Nuova serie ;$v19 650 4$aCavalleria - Storia.$0(OLS)http://semarc/subject/48829 650 4$aCavalleria [nella] letteratura.$0(OLS)http://semarc/subject/30971 710 2 $aUniversitā degli Studi : Centro di studi sulla spiritualitā medievale.$0(OLS)http://semarc/name/9445 710 2 $aCentro italiano di studi sul Basso Medioevo. Accademia Tudertina.$0(OLS)http://semarc/name/7292 830 0$aAtti dei convegni del Centro italiano di studi sul Basso Medioevo - Accademia Tudertina. Nuova serie ;$v19.$0(OLS)http://semarc/title/19062 850 $aSeMil 852 $aSeMil$W1$xVenegono$y1$m3TA E 19$j253702$B114129$CSeMilBibl$Z2$F125004 $81 961 $aSottoscrizione: Centro Italiano di Studi sull'Alto Medioevo 996 $6020$a88-7988-409-3$9(OLS)http://semarc/number/148815 996 $6245$aMito e storia nella tradizione cavalleresca :$batti del 42. Convegno storico internazionale : Todi, 9-12 ottobre 2005$9(OLS)http://semarc/title/232257 996 $6264$aSpoleto :$bFondazione Centro italiano di studi sull'Alto Medioevo$9(OLS)http://semarc/publisher/33034 LEADER 04126nam a2200397 i 4500 001 000000030467 003 CaOOAMICUS 005 20251223130022.0 008 180830s1603 it u000 u ita u 040 $aSeMil$bita 130 0 $aBibbia.$0(OLS)http://semarc/title/402691 245 10$aBibliorum sacrorum glossa ordinaria primum quidem ā Strabo Fulgensi, collecta. Nunc vero nouis Patrum, cum Graecorum, tųm Latinorum explicationibus locupletata. Annotatis etiam locis, quae antea confusč citabantur. Cum postilla Nicolai Lyrani, nec non additionibus Pauli Burgensis, ac Matthiae Thoryngi replicis. Ab infinitis mendis purgata, ... Per F. Franciscum Feuardentium ordinis Minorum, Ioannem Dadraeum, & Iacobum de Cuilly .. 260 $aVenetiis :$bApud Magnam Societatem,$c1603. 300 $a7 v. ;$cfol. 500 $aEmissione simultanea di edizione condivisa, alcune copie recano la sottoscrizione: Venetiis : apud Iuntas, 1603, cfr. Le edizioni veneziane del Seicento. Censimento, Ed. Bibliografica, 2003-2006, vol. 1, p. 108, n. 1102-1103 500 $aIniz., fregi xilogr. 500 $aMarca sui front.: Aquila becca roccia. Motto su nastro: Renovabitur ut aquilae iuventus tua. In cornice figurata. Ai quattro angoli: imprese di Sessa, Scoto, Varisco e Zenaro (O1531), sui front. 650 4$aGlossa ordinaria.$0(OLS)http://semarc/subject/59292 700 1 $aPablo : de Santa Maria .$0(OLS)http://semarc/name/14014 700 1 $aNicolas : de Lyre .$0(OLS)http://semarc/name/14015 700 1 $aDadré, Jean .$0(OLS)http://semarc/name/14016 700 1 $aFeu-Ardent, Franįois,$d.$0(OLS)http://semarc/name/14018 700 1 $aWalafridus : Strabo <807-849>.$0(OLS)http://semarc/name/14019 700 1 $aCueilly, Jacques : de.$0(OLS)http://semarc/name/14020 700 1 $aDöring, Matthias,$d.$0(OLS)http://semarc/name/14017 710 2 $aSocietā dell'aquila che si rinnova$c.$0(OLS)http://semarc/name/14021 774 0 $t[1].$g1$w()232677 774 0 $tBibliorum sacrorum cum glossa ordinaria iam ante quidem a Strabo Fulgensi collecta: ... tomus secundus.$bHac sane quidem Veneta editione ā quām plurimarum dictionum mendis expurgatus, ..$g2$w()232678 774 0 $tBibliorum sacrorum cum glossa ordinaria iam ante quidem a Strabo Fulgensi collecta: ... tomus tertius.$bHac sane quidem Veneta editione ā quām plurimarum dictionum mendis expurgatus, ..$g3$w()232683 774 0 $tBibliorum sacrorum cum glossa ordinaria iam ante quidem a Strabo Fulgensi collecta ... Tomus quartus.$bHac sane quidem Veneta editione ā quām plurimarum dictionum mendis expurgatus, ..$g4$w()232684 774 0 $tBibliorum sacrorum et glossae ordinariae. Primum quidem a Strabo Fulgensi, collectae. Nunc vero nouis Patrum, cum Graecorum, tum Latinorum explicationibus auctae. Postillae Nicolai Lyrani, additionum Pauli Burgensi, ac replicarum Matthiae Thoryngi. Locuples et copiosus Index.$bHac sane quidem Veneta editione ā quām plurimarum dictionum mendis expurgatus, ..$g7$w()232685 774 0 $tBibliorum sacrorum cum glossa ordinaria iam ante quidem a Strabo Fulgensi collecta ... Tomus quintus.$bHac sane quidem Veneta editione ā quām plurimarum dictionum mendis expurgatus, ..$g5$w()232686 774 0 $tBibliorum sacrorum cum glossa ordinaria iam ante quidem a Strabo Fulgensi collecta ... Tomus sextus.$bHac sane quidem Veneta editione ā quām plurimarum dictionum mendis expurgatus, ..$g6$w()232687 996 $6245$aBibliorum sacrorum glossa ordinaria primum quidem ā Strabo Fulgensi, collecta. Nunc vero nouis Patrum, cum Graecorum, tųm Latinorum explicationibus locupletata. Annotatis etiam locis, quae antea confusč citabantur. Cum postilla Nicolai Lyrani, nec non additionibus Pauli Burgensis, ac Matthiae Thoryngi replicis. Ab infinitis mendis purgata, ... Per F. Franciscum Feuardentium ordinis Minorum, Ioannem Dadraeum, & Iacobum de Cuilly ..$9(OLS)http://semarc/title/41485 996 $6260$aVenetiis :$bApud Magnam Societatem$9(OLS)http://semarc/publisher/38557